2026 FIFA World Cup Managers - Statistics

General Stats
  • This quiz has been taken 48 times
  • The average score is 15 of 48
Answer Stats
Hint Answer % Correct
Brazil Carlo Ancelotti
87%
France Didier Deschamps
84%
Germany Julian Nagelsmann
84%
England Thomas Tuchel
84%
Portugal Roberto Martínez
76%
United States Mauricio Pochettino
74%
Argentina Lionel Scaloni
71%
Netherlands Ronald Koeman
68%
Spain Luis de la Fuente
63%
Croatia Zlatko Dalić
53%
Uruguay Marcelo Bielsa
45%
Curaçao Dick Advocaat
42%
Austria Ralf Rangnick
42%
Uzbekistan Fabio Cannavaro
39%
Sweden Graham Potter
39%
Switzerland Murat Yakin
37%
Qatar Julen Lopetegui
34%
Scotland Steve Clarke
32%
Canada Jesse Marsch
29%
Mexico Javier Aguirre
26%
Belgium Rudi Garcia
26%
Ghana Carlos Queiroz
24%
Turkey Vincenzo Montella
24%
Paraguay Gustavo Alfaro
21%
Colombia Néstor Lorenzo
21%
Senegal Pape Thiaw
21%
Norway Ståle Solbakken
21%
Algeria Vladimir Petković
21%
South Africa Hugo Broos
18%
Japan Hajime Moriyasu
16%
Egypt Hossam Hassan
16%
Ecuador Sebastián Beccacece
16%
Bosnia and Herzegovina Sergej Barbarez
16%
Australia Tony Popovic
16%
Cape Verde Bubista
13%
Ivory Coast Emerse Faé
13%
Iraq Graham Arnold
13%
South Korea Hong Myung-bo
11%
Panama Thomas Christiansen
11%
Iran Amir Ghalenoei
8%
Saudi Arabia Georgios Donis
8%
Czech Republic Miroslav Koubek
8%
DR Congo Sébastien Desabre
8%
New Zealand Darren Bazeley
5%
Jordan Jamal Sellami
5%
Morocco Mohamed Ouahbi
5%
Tunisia Sabri Lamouchi
5%
Haiti Sébastien Migné
5%
No matching quizzes found
Score Distribution
Percent of People with Each Score
Percentile by Number Answered
Your Score History
You have not taken this quiz